Kpop: trouve la musique grâce aux paroles 2 - Statistiques

Statistiques générales
  • Ce quiz a été pris 1 731 fois
  • Le résultat moyen est 19 sur 30
Statistiques - réponses
Paroles Réponse % Correct
Now look at you, now look at me, look at you, now look at me Look at you, now look at me, how you like that? BLACKPINK - How You Like That
89%
Know you get Deja Vu
Da da da ra da da da ra da da da ra
Oh Deja Vu
Da da da ra da da da da ra da
Michyeoga i want you so bad oh
ATEEZ - Deja Vu
88%
Cause I-I-I'm in the stars tonight
So watch me bring the fire and set the night alight (hey)
Shining through the city with a little funk and soul
So I'ma light it up like dynamite, whoa oh oh
BTS - Dynamite
87%
Feliz Navidad, Feliz Navidad I can feel the evil coming but Felix, never bad Stray Kids - Christmas Evel
87%
I came here to Drop some money Dropping all my money Drop some money All this bread so yummy yeah Lisa - Money
86%
Risky risky wiggy wigi
This is an emergency
Help me, help me, somebody stop me
Cuz I know I can't stop me
TWICE - I CAN'T STOP ME
81%
Michyeo nalttwieo gibuni up and down
You got me like cray-cray-crazy in love
Nado naega outta control I'm gettin' loco,loco
ITZY - Loco
80%
Tikitakata Play that PING PONG
Tikitakata
Play that PING PONG
Hyun A & DAWN - PING PONG
77%
Aight ! Lights Camera Action Baby I see you lookin at my P I C (I know) Keuge ttaenggyeo ttaenggyeo jom deo ttaenggyeobwa bwa gittongchaji Jessi - ZOOM
77%
Gimme gimme now Gimme gimme now (Zu Zu Zu Zu) aespa - Savage
73%
I go up, HELICOPTER Then I make hella noise for the take off I go up, HELICOPTER Never give up like a pilot CLC - HELICOPTER
70%
Red five diamonds in my bag If you wanna see it, dance to a beat like that My mama saw it and 'Oh my god dang' Ok I'll show you what's in my bag (G)I-dle - MY BAG
70%
Goodbye, au revoir, adios (what?)
Goodbye, au revoir, adios (yeah)
Goodbye, au revoir, adios (shh)
Goodbye, au revoir, adios
EVERGLOW - Adios
69%
Drop the question Drop the, drop the question Want attention Wanna want attention Newjeans - Attention
69%
Freaky Fresh Fresh I'm so
Freaky Fresh Fresh I'm so
Freaky Fresh Fresh I'm so Freaky
Like a TANK, I'ma
NMIXX - TANK
67%
Fantastic fantastic fantastic fantastic Elastic elastic elastic elastic Ring Ding Dong Ring Ding Dong SHINee - Ring Ding Dong
67%
Geurae wolf naega wolf Awouuuu A saranghaeyo nan neukdaego neon minyeo EXO - Wolf
64%
Lovey lovey lovey dovey dovey dovey" Meosdaero jeonghane naran aee daehae I don't know what to say I can't feel it LE SSERAFIM - ANTIFRAGILE
61%
Like Swan Swan Swan Neoui mabeobe nan kkaeeona Like Swan Swan Swan (MAMA) Uahage IZ*ONE - Secret Story Of The Swan
53%
Crying, crying, crying ijen jibeochyeo Love you love you love you No matter what I do TXT - LO$ER=LO♡ER
53%
naega jeil jal naga X4 Bam Ratatata Tatatatata X4 Oh my god 2NE1 - I Am The Best
51%
We go and shout shout shout When we're together 3, 2, 1 Tteugeopge oechyeo ENHYPEN - SHOUT OUT
49%
Neoreul saranghaneun jjijiri jjijiri
Geurae naneun meojeori meojeori
Nan neohanteneun geomeori geotjeori
I sesang neo hanamyeon dwae
Baby I'm only yours
I'm only yours Oh no
PENTAGON - shine
49%
Neoneun meongcheongi twit twit twit twit
I don't like it
Nobody likes it
Hwa Sa - Twit
48%
Can you feel it ?
Can you feel it ?
Oh oh woo yeah Oh woo oh
PSY & Suga - That That
46%
Urin at, chagawo ! Come into ice age Come into ice age, come into ice age Urin at, chagawo ! Make it nun ice hail Make it nun ice hail, make it nun ice hail MCND - ICE AGE
44%
Hold up I'm a geek The big paradox Swipge saenggakhamyeon neol jikineun Killer Jiok kkeuteseon da hanagati bireo Ibeul georeo jamga Freeze up Dreamcatcher - BOCA
42%
Nappeunnyeon aju geunyang nappeunnyeon Nappeunnyeon aju geunyang nappeunnyeon Nappeunnyeon aju geunyang nappeunnyeon BIBI - Vengeance
28%
We go dumb dumb dumb dumb Nuga mworaedo Litty dumb Litty dumb litty Bang the drum Gal ttaekkaji Baby stupid KARD - Dumb Litty
25%
Oh sexy eyes sexy nose sexy mouth don't you know oneul nan nega jeongmal sexy T-ara - Sexy Love
10%
Aucun quiz correspondant
Distribution des résultats
% des personnes avec chaque résultat
Percentile par nombre de réponses
Votre historique - résultats
Vous n’avez pas pris ce quiz